000 00846nam a2200253Ia 4500
003 OSt
005 20220927105348.0
006 a|||||r|||| 00| 0
007 ta
008 220926b |||||||| |||| 00| 0 eng d
024 _a173874
037 _cReference Collections
040 _aRTL
_cRTL
_beng
041 _2eng
_aeng
082 _a"T.2,d,N9t4, N8"
110 _a"INDIA, NATIONAL SAMPLE SURVEY ORGANISATION"
_9354724
245 0 _aAttendaing an educational institution in India
_b" Its level, nature and costs; NSS fifty second round, 1995-96"
260 _aDelhi
_bMOP
_c1998
300 _a"iv,36p 7 A-159p"
_ccm.
650 _aEducational Institute India
_9371942
700 _a"INDIA, NATIONAL SAMPLE SURVEY ORGANISATION"
_9354725
942 _h"T.2,d,N9t4, N8"
_cCC
999 _c692100
_d692100